• 首页
  • 本馆介绍
  • 公告通知
  • 最新文献
  • 馆藏检索
  • 电子资源
  • 读者导购
  • 参考咨询
  • 我的图书馆
  • 登录
  • 详细信息显示
  • 放入我的书架
  • 预约/预借图书
  • 作者相关作品
  • 分类相关作品
  • 丛书相关作品
  • 出版社相关作品

书目信息

  • 表格格式
  • 工作单格式
  • 卡片格式
题名:
现代汉语小词典
    
 
作者: ;中国社会科学院语言研究所词典编辑室 编
分册:  
出版信息: 北京   商务印书馆  1980.6
页数: 765页
开本: 15cm
丛书名:
单 册:
中图分类: H164
科图分类:
主题词: 汉语--词典
电子资源:
ISBN:
000 00651nam0 2200205 45
001 0210241025
005 20050428111658.5
010    @dCNY2.50
091    @a17017.113
100    @a20021024d1980 km y0chiy0120 ea
101 0  @achi
105    @a e 000yy
200 1  @a现代汉语小词典@AXian Dai Han Yu Xiao Ci Dian@f中国社会科学院语言研究所词典编辑室编@FZhong Guo She Hui Ke Xue Yuan Yu Yan Yan Jiu Suo Ci Dian Bian Ji Shi Bian
210    @a北京@c商务印书馆@d1980.6
215    @a765页@d15cm
606 0  @a汉语@x词典
690    @aH164@v3
711 02 @a中国社会科学院语言研究所词典编辑室@4编
801    @aCN@bTSTC@c20020521
905    @dH164@e106@f1@b34580
    
    现代汉语小词典/中国社会科学院语言研究所词典编辑室编.-北京:商务印书馆,1980.6
    765页;15cm
    
    
    ISBN :CNY2.50
    
●
相关链接 在E读中查询图书 在五车中查询图书 在当当中查询图书 在豆瓣中查询图书


正题名:现代汉语小词典     索取号:H164/106         预约/预借

序号 登录号 条形码 馆藏地/架位号 状态 备注
1 0034580   000846865   密集书库/ [索取号:H164/106] 在馆    
唐山师范学院图书馆 欢迎您!
大连网信软件有限公司© 版权所有